000 00500nam a22001817a 4500
003 OSt
005 20231108161201.0
008 230720b |||||||| |||| 00| 0 eng d
020 _a9780691182537
082 _a340.082
_bBALA
100 _aBALLAKRISHNEN, Swethaa S.
245 _aAccidental Feminism : Gender Parity and Selective Mobility Among India's Professional Elite
260 _aNew York
_bOxford Universtiy
_c2021
300 _a266p
546 _aEnglish
650 _aLaw
942 _2ddc
_cBK
999 _c3329
_d3329